Titres de chansons - ANTONYMES 2 - Statistiques

Statistiques générales
  • Ce quiz a été pris 124 fois
    86 depuis la dernière actualisation
  • Le résultat moyen est 9 sur 15
Statistiques - réponses
Antonyme Titre % Correct
Le ciel est plat La Terre est ronde
88%
Dos à la plage Face à la mer
87%
À l'ombre Au soleil
86%
Je suis en bonne santé Je suis malade
84%
Ma fille ma paix Mon fils ma bataille
82%
Non papa non Si maman si
82%
À la verticale À l'horizontale
81%
Hier c'est tout près Demain c'est loin
71%
Le chiffre La lettre
70%
Beaucoup plus loin de la Terre Un peu plus près des étoiles
42%
Reste coi face à mon pied Parle à ma main
31%
La oui réponse en divorce La non demande en mariage
23%
Mec moche Jolie nana | Jolie go | Bonne meuf
19%
Tant mieux Dommage
9%
Réserve naturelle Zoo
4%
Aucun quiz correspondant
Distribution des résultats
% des personnes avec chaque résultat
Percentile par nombre de réponses
Votre historique - résultats
Vous n’avez pas pris ce quiz depuis la dernière actualisation